| 000 | 00336nam a2200121Ia 4500 | ||
|---|---|---|---|
| 008 | 220204s9999 xx 000 0 und d | ||
| 082 |
_a334:63(540) _bMAM |
||
| 100 | _aMAMORIA, C B | ||
| 245 | 0 | _aAgricultural co operative structure in India | |
| 260 |
_aAllahabad _bKitab Mahal _c1983 |
||
| 650 | _aAgricultural cooperation | ||
| 942 | _cBK | ||
| 999 |
_c36983 _d36983 |
||